NBA 2K Highest Rated Players All-Time - Statistics

General Stats
  • This quiz has been taken 50 times
  • The average score is 32 of 57
Answer Stats
Hint Answer % Correct
98 Shaquille O'Neal
100%
99 Lebron James
97%
99 Michael Jordan
97%
97 Kevin Durant
92%
98 Stephen Curry
92%
99 Kobe Bryant
90%
99 Larry Bird
90%
99 Magic Johnson
90%
95 James Harden
87%
99 Kareem Abdul-Jabbar
87%
97 Jerry West
82%
99 Wilt Chamberlain
82%
98 Bill Russell
79%
97 Nikola Jokic
79%
97 Giannis Antetokounmpo
74%
98 Tim Duncan
74%
96 Allen Iverson
72%
99 Hakeem Olajuwon
72%
96 Shai Gilgeous-Alexander
72%
97 Scottie Pippen
69%
97 Karl Malone
64%
98 Kevin Garnett
64%
97 Moses Malone
64%
96 Steve Nash
64%
98 Dirk Nowitzki
62%
96 Kawhi Leonard
62%
97 Julius Erving
59%
97 Oscar Robertson
56%
95 Carmelo Anthony
54%
97 Chris Paul
54%
96 David Robinson
51%
97 John Stockton
49%
95 Derrick Rose
46%
95 Isaiah Thomas
46%
95 Patrick Ewing
46%
96 Bob Cousy
44%
95 Bob Pettit
44%
95 Jason Kidd
44%
95 Tony Parker
44%
95 Bill Walton
41%
95 Kevin Mchale
41%
95 Tracy Mcgrady
38%
96 Clyde Drexler
36%
96 Elgin Baylor
36%
95 Gary Payton
36%
95 James Worthy
36%
95 Joel Embiid
31%
95 David Thompson
28%
95 Dominique Wilkins
28%
96 John Havlicek
28%
97 Walt Frazier
28%
95 Dave Cowens
26%
95 Rick Barry
26%
96 Vince Carter
26%
97 Dwayne Wade
10%
95 Jerry Lucas
3%
95 Russel Westbrook
0%
No matching quizzes found
Score Distribution
Percent of People with Each Score
Percentile by Number Answered
Your Score History
You have not taken this quiz